000 00922nam a2200265 a 4500
001 000022409
005 20200930011722.0
008 101008s2006 dr 001 0 spa d
020 _a959060871X
040 _aDO-SdBNP
_bspa
_cBNPHU
082 _a972.9105
_bC965e
100 1 _aTorres Cuevas, Eduardo,
_d1942-
_946205
245 1 0 _aEn busca de la cubanidad /
_cEduardo Torres Cuevas.
260 _aLa Habana, :
_bCiencias Sociales,
_c2006.
300 _a2 v. ;
_c23 cm.
500 _aIncluye datos biográficos del autor en la contracubierta.
504 _aIncluye bibliografía y notas al pie de páginas.
590 _aLa biblioteca un ejemplar autografiado.
650 4 _aNacionalismo y cultura
_922911
651 4 _aCuba
_xIdentidad Nacional
_946206
651 4 _aCuba
_xCaracterísticas Nacionales
_944080
651 4 _aCuba
_xCivilización
_9494
910 _aValidado. Control de calidad EMS
049 _aBNPD
999 _c21907
_d21907